000 00831nas a2200277 4500
001 BR2013005422
003 BR-BrBNA
005 20231205122617.0
007 ta
008 230509b bl.|||p| |||| 00| 00por d
040 _aBR-BrBNA
_bpor
_cBiblioteca Nacional de Agricultura
041 _a(Pt)
072 _aQ03; Q04
100 1 _aPeregrino, L.H.
100 1 _aRocha, I. de P.
245 1 _aImportância da utilização de análises presuntivas no camarão marinho
650 _aCAMARÃO
650 _aACONDICIONAMENTO
650 _aPESAGEM
650 _aAMOSTRAGEM
650 _aBACTERIOLOGIA
650 _aHISTOLOGIA ANIMAL
773 0 _tRevista Aquicultura e Pesca (Brazil)
_xISSN 1807-9741
_g(May-Jun 2008), v. 3(33) p. 44-48
_wBR2013005422
909 _a202311
_bLúcia
_c55
_dLúcia Elande
942 _2AGRIS
_n0
_cANA
999 _c229565
_d229565